| 000 | 00312nam a2200109 4500 | ||
|---|---|---|---|
| 008 | 180223b xxu||||| |||| 00| 0 eng d | ||
| 245 | _aRevolutionizing Philippine e-commerce. | ||
| 260 |
_aPhilippines _bThe Philippine Star _cc2016 |
||
| 300 | _apage B-6. | ||
| 650 | 0 |
_926718 _aEconomic conditions. |
|
| 942 |
_2ddc _cPER |
||
| 999 |
_c8785 _d8785 |
||